Estatísticas para Os 15 principais países afetados pela Covid-19 - 1 de setembro 2021

Clique aqui para jogar o quiz

Estatísticas Gerais

  • Esse quiz foi jogado 10 vezes
  • A pontuação média é 14 de 26

Estatísticas das Respostas

país% Correto
Brasil
100%
Estados Unidos
100%
Índia
100%
Argentina
90%
França
90%
México
90%
Reino Unido
90%
Alemanha
80%
Espanha
80%
Itália
80%
Rússia
80%
Colômbia
70%
Indonésia
40%
Países Baixos
40%
Turquia
40%
Estônia
30%
Irão
30%
Israel
30%
Suécia
30%
Uruguai
30%
Bahrein
20%
Chéquia
20%
Eslovénia
20%
Lituânia
20%
Panamá
20%
Geórgia
10%

Distribuição das Pontuações

Percentil de Números Respondidos

Porcentagem de Pessoas com Cada Pontuação

Sua Pontuação Histórica

Você não jogou esse quiz